Ingeniería Termidin mica Fundamentos y Aplicaciones / Francis F. Huang (Registro nro. 19691)
[ vista simple ]
| 000 -LÍDER | |
|---|---|
| fixed length control field | 00466nam a2200157 4500 |
| 008 - ELEMENTOS DE LONGITUD FIJA -- INFORMACIÓN GENERAL | |
| fixed length control field | 0 1994 0a 000 0Mex |
| 020 ## - NÚMERO INTERNACIONAL NORMALIZADO PARA LIBROS | |
| ISBN | 968-26-1246-2 |
| 050 ## - SIGNATURA TOPOGRAFICA DE LA BIBLIOTECA DEL CONGRESO (LC) | |
| Número de Clasificación | TJ265 H874 1994 |
| 082 ## - NUMERO DE CLASIFICACION DECIMAL DEWEY | |
| Número de Clasificación | 621.402.1 H865i |
| 100 ## - ASIENTO PRINCIPAL--NOMBRE PERSONAL | |
| Nombre personal | Huang, Francis F. |
| 245 ## - TÍTULO | |
| Título | Ingeniería Termidin mica Fundamentos y Aplicaciones / Francis F. Huang |
| 250 ## - MENCIÓN DE EDICIÓN | |
| Mención de edición | 2 / Reimp. 1999 |
| 260 ## - PUBLICACIÓN, DISTRIBUCIÓN, ETC. (PIE DE IMPRENTA) | |
| Lugar de publicación, distribución, etc. | México : Cecsa |
| 300 ## - DESCRIPCIÓN FÍSICA | |
| Extensión | xxix, 864 p. / 25 cm. |
| 650 ## - ASIENTO SECUNDARIO DE MATERIA - TERMINO TEMÁTICO | |
| Término temático o nombre geográfico como elemento de entrada | 1. TERMODINAMICA |
| No. biblioteca | No. biblioteca | Número de clasificación | Código de barras/Número de adquisición | Número de copia | Tipo de material |
|---|---|---|---|---|---|
| LUIS G. INCLAN | LUIS G. INCLAN | 621.402.1 H865i | 47800 | 1 | Libros |
